Football par lettre - E - Statistiques

Statistiques générales
  • Ce quiz a été pris 200 fois
  • Le résultat moyen est 11 sur 15
Statistiques - réponses
Questions Réponses % Correct
Quel pays, le plus titré d'Europe a remporté les Euro de 1964, 2008, 2012 et 2024 ? Espagne
100%
Quel attaquant portugais a inscrit l'unique but de la finale de l'Euro 2016 ? Eder
93%
Quel attaquant camerounais charismatique a évolué au FC Barcelone et à l'Inter Milan ? Samuel Eto'o
90%
Quel pays, poids lourd africain, est celui qui a remporté le plus de Coupe d'Afrique des Nations ? Egypte
89%
Quel joueur brésilien était gardien à Manchester City de 2017 à 2025 ? Ederson Moraes
88%
Quel club basé à Liverpool a ses joueurs surnommés les "Toffees" ? Everton
87%
Quel milieu de terrain danois a été victime d'un malaise lors d'un match de l'Euro 2021 face à la Finlande ? Christian Eriksen
85%
Quel attaquant portugais, né au Mozambique, a remporté le Ballon d'Or en 1965 ? Eusébio
77%
Quel milieu de ghanéen est passé par l'OL ou encore Chelsea ? Michael Essien
74%
Quel équipe française désormais dans les divisions inférieures évoluait en Ligue 1 au début des années 2010, avec Pascal Dupraz à sa tête ? Evian-Thonon Gaillard
73%
Quel défenseur français formé à l'AS Monaco a signé à Manchester United sous Alex Ferguson ? Patrice Evra
68%
Quel défenseur gauche italien a remplacé Spinazzola dans la Squadra Azzura pendant l'Euro 2021 ? Emerson
51%
Quel jeune ailier brésilien de Chelsea a signé lors de l'été 2025 en provenance de Palmeiras ? Estevao
48%
Quel club espagnol de la province d'Alicante évolue depuis la saison 2025-2026 en Liga ? Elche
46%
Quel défenseur central brésilien, évoluant à l'OL au début des années 2000, a remporté la Coupe du Monde 2002 ? Edmilson
30%
Aucun quiz correspondant
Distribution des résultats
% des personnes avec chaque résultat
Percentile par nombre de réponses
Votre historique - résultats
Vous n’avez pas pris ce quiz